Benchmarking podniku na základe ukazovateľov finančnej analýzy bakalárska práca

Enregistré dans:
Détails bibliographiques
Auteur principal: Vlčková, Henrieta
Format: Livre
Langue:slovaque
Publié: Bratislava STU FCHPT 2017
Accès en ligne:Voir à l'OPAC
Tags: Ajouter un tag
Pas de tags, Soyez le premier à ajouter un tag!

MARC

LEADER 00000nam a2200000 a 4500
005 20260127134001.0
008 171212 2017 xo 001 0 slo d
035 |a vtls011727004 
039 9 |y 201712121549  |z mschk03 
040 |a STUSCHK1  |b slo  |c STUSCHK1  |e AACR2 
100 1 |a Vlčková, Henrieta 
245 1 |a Benchmarking podniku na základe ukazovateľov finančnej analýzy  |b bakalárska práca  |c Henrieta Vlčková 
260 |a Bratislava  |b STU FCHPT  |c 2017 
300 |a 58 s.  |b il.  |c 25 cm 
500 |a Študijný program: automatizácia, informatizácia a manažment v chémii a potravinárstve 
500 |a Študijný odbor: automatizácia, priemyselné inžinierstvo 
500 |a Školiace pracovisko: ÚM - Oddelenie manažmentu chemických a potravinárskych technológií 
500 |a Evid. číslo: FCHPT-123283-63887 
910 |a SCHK95 
999 |c 1473  |d 1473